| 000 | 01467nam a2200325 i 4500 | ||
|---|---|---|---|
| 003 | DO-SdBNP | ||
| 005 | 20250919112547.0 | ||
| 007 | ta | ||
| 008 | 240219s2023 dr ao 000 0 spa d | ||
| 020 | _a9789945643794 | ||
| 040 |
_aDO-SdBNP _bspa _cBNPHU _erda |
||
| 082 |
_axxx _bT822j _222 |
||
| 110 | 1 |
_aRepública Dominicana. _bCorte de Constitucionalidad _971191 |
|
| 245 | 1 | 0 |
_aComisión de igualdad de género : _bdiscursos del presidente del Tribunal Constitucional de la República Dominicana / _ccomisión, Alba Luisa Beard Marcos, Manuel Ulises Bonnelly Vega, María del Carmen Santana de Cabrera, José Alejandro Vargas Guerrero, Eunisis Vásquez Acosta |
| 250 | _aPrimera edición | ||
| 264 | 1 |
_aSanto Domingo : _bTribunal Constitucional, _c2023. |
|
| 300 |
_a83 páginas, _bilustraciones, fotografías _c26 cm. |
||
| 336 |
_atexto _btxt _2rdacontent |
||
| 337 |
_asin mediación _bn _2rdamedia |
||
| 338 |
_avolumen _bnc _2rdacarrier |
||
| 500 | _aIncluye datos biografícos de Milton Ray Guevara en las solapas. | ||
| 590 | _aInventariado, 2024/ YL | ||
| 700 | 1 |
_aBeard Marcos, Alba Luisa _ecomisión _984886 _4co. |
|
| 700 | 1 |
_aBonnelly Vega, Manuel Ulises _ecomisión _984887 _4co. |
|
| 700 | 1 |
_aSantana de Cabrera, María del Carmen _ecomisión _984888 _4co. |
|
| 700 | 1 |
_aVargas Guerrero, José alejandro _ecomisión _984889 _4co. |
|
| 700 | 1 |
_aVásquez Acosta, Eunisis _ecomisión _984890 _4co. |
|
| 910 | _aYLockward | ||
| 942 |
_2ddc _cLBS1 |
||
| 999 |
_c55972 _d55972 |
||